Doctrina de vida espiritual para todos los días del año

Zapisane w:
Opis bibliograficzny
1. autor: San Agustín de Hipona
Format: Książka
Język:hiszpański
Wydane: Buenos Aires Emecé 1944
Seria:Biblioteca del Peregrino
Hasła przedmiotowe:
Etykiety: Dodaj etykietę
Nie ma etykietki, Dołącz pierwszą etykiete!

MARC

LEADER 00000cam a2200000 a 4500
001 UCF1374
003 CL-VaPUC
008 120629e19440000AG |||||||||||||||||spa|d
082 0 4 |a 189.2  |b AGU  |2 21 
100 |a San Agustín de Hipona  |x Teólogo y filósofo cristiano   |9 311590 
245 1 0 |a Doctrina de vida espiritual para todos los días del año 
300 |a t 
942 |c BK 
945 |d 20120629 00:00:00  |a dcastane 
260 |a Buenos Aires  |b Emecé  |c 1944 
650 0 |a Filosofía cristiana   |9 265980 
650 0 |a Filosofía medieval  |9 256245 
650 0 |a Escolasticismo  |9 264998 
583 |a last modification  |c 20170531 12:48:40  |k Rodrigo Vera 
490 0 |a Biblioteca del Peregrino 
999 |c 348182  |d 348180 
952 |0 0  |1 0  |4 0  |6 189_200000000000000_AGU_1944  |7 0  |8 X  |9 450101  |a FDOBUD  |b FDOBUD  |d 2019-11-22  |h t.1  |i 4835026  |o 189.2 AGU 1944  |p 4835026  |r 2019-11-22  |w 2019-11-22  |y BK_X  |k BUD 
952 |0 0  |1 0  |4 0  |6 189_200000000000000_AGU_1944  |7 0  |8 X  |9 450102  |a FDOBUD  |b FDOBUD  |d 2019-11-22  |h t.2  |i 4835034  |o 189.2 AGU 1944  |p 4835034  |r 2019-11-22  |w 2019-11-22  |y BK_X  |k BUD